00441 2200157 4500001002100000008004100021035002000062245005900082100001900141260003700160300002000197082001800217650002200235990001300257990001300270INLIS000000000000335 ind  a0010-0322000335 aTHE EARS OF A GIANT TURTLE AND THE OTHER STORIEScIKHA aDIDIK DJUNAEDI aJAKARTAbGADING INTI PRIMAc2015 a68 hlm.c25 cm. a398.249 595 7 aFABEL - SINGAPURA a102517-1 a102517-2